Godsmack albums - Statistics

General Stats
  • This quiz has been taken 13 times
  • The average score is 4 of 7
Answer Stats
Year Album % Correct
1998 Godsmack
88%
2003 Faceless
75%
2014 1000hp
63%
2010 The Oracle
63%
2000 Awake
50%
2006 IV
50%
2018 When Legends Rise
50%
No matching quizzes found
Score Distribution
Percent of People with Each Score
Percentile by Number Answered
Your Score History
You have not taken this quiz